|
|
|
|
| LEADER |
01110cam a2200253 7i4500 |
| 001 |
0000002970 |
| 005 |
20090420090000.0 |
| 008 |
090420s1962 is 0 eng |
| 035 |
0 |
0 |
|a 0033-48960
|
| 090 |
0 |
0 |
|a SH 171
|b .P33 1962
|
| 245 |
0 |
0 |
|a Parasites of freshwater fish and the biological basis for their control
|c translated from Russian by L. Kochva.
|
| 260 |
0 |
0 |
|a Jerusalem:
|b Israel Program for Scientific Translations,
|c 1962.
|
| 300 |
# |
# |
|a 236 p.;
|c 25 cm..
|
| 490 |
0 |
0 |
|a Bulletin of the state scientific researc;
|v v.49
|
| 500 |
0 |
0 |
|a Facsimile reprint by University Microfilms International, Ann Arbor, Mich., 1980
|
| 650 |
0 |
0 |
|a Freshwater fishes
|
| 650 |
0 |
0 |
|a Parasite --
|x Fishes
|
| 700 |
1 |
1 |
|a Kochva, L.
|
| 810 |
2 |
0 |
|a Institute of Lake and River Fisheries Bulletin of the state scientific research 49
|
| 999 |
|
|
|a 1100047294
|b Book
|c Open Shelf
|e KOLEKSI TERBUKA
|
| 999 |
|
|
|a 1000085371
|b Book
|c Open Shelf
|e KOLEKSI TERBUKA
|
| 999 |
|
|
|a 1000143326
|b Book
|c Open Shelf
|e KOLEKSI TERBUKA
|
| 999 |
|
|
|a 1900040642
|b Book
|c Open Shelf
|e KOLEKSI TERBUKA
|
| 999 |
|
|
|a 1000394464
|b Book
|c Open Shelf
|e KOLEKSI TERBUKA
|